00940nam a22002057a 4500003000900000008004100009040007100050082002000121100007400141245003000215260008900245300002800334440005900362505013700421650002000558650003200578650002600610650001700636700008100653AR-CdUCM190325b ||||| |||| 00| 0 spa d aMUNICIPALIDAD PROVINCIAL DEL CUSCOcBIBLIOTECA MUNICIPAL DEL CUSCO a985.008 / bC73 aComisión nacional de sesquicentenario de la independencia de Perú aSímbolos de la patria / aLima :bComisión nacional de sesquicentenario de la independencia de Perúc1974. a416 páginas ;c24 cm. aColección documental de la independencia del Perú. aContenido: Bandera nacional, escudo, gran sello del estado, pabellón, estandarte y escarapela -- Himno nacional, letra y música. aBandera peruana aSímbolos patrios peruanos aIndependencia peruana aSan Martín aPons Muzzo, Gustavo (investigación, recopilación, edición y prólogo)